| 000 | 00420cam a2200157ua 4500 | ||
|---|---|---|---|
| 003 | OSt | ||
| 008 | 241224b |||||||| |||| 00| 0 eng d | ||
| 041 | _aeng | ||
| 082 |
_a621.317 _bCRO/AU |
||
| 100 |
_aCrouse, William H . _96569 |
||
| 245 | _aAutomotive electrical equipment: Construction, Operation and maintenance / | ||
| 250 | _a5 / | ||
| 260 |
_aNew York : _bWebster , _c1963. |
||
| 300 | _a530 ; . | ||
| 942 | _cBK | ||
| 999 |
_c9649 _d9649 |
||